00410nam a2200157Ia 45000010006000000050017000060080041000230410008000640820019000721000021000912450081001122600009001933000034002026500008002366540008002441421720260306164858.0260306t2012||||xx |||||||||||||| ||spa|| aESP a510.0711bT19A aTan, Soo T.eAUT 0aMatemáticas aplicadas:ba los negocios, las ciencias sociales y de la vida c2012 axxii, 919 páginas :c27 cm. aGEN aCMA